| Поле | Инд. | ПП | Название | Значение |
|---|---|---|---|---|
| Тип записи | a | |||
| Библиографический уровень | b | |||
| 001 | Контрольный номер | RU/IS/BASE/148580006 | ||
| 005 | Дата корректировки | 20200522190655.7 | ||
| 084 | a | Индекс другой классификации/Индекс ББК | 66.1(7США)6; 65.02(7США)6; 66.01; 65.01 | |
| 100 | 10 | a | Автор | Дробот Г. А. |
| 245 | 00 | a | Заглавие | Роберт Гилпин о природе международной политической экономии |
| 504 | 00 | a | Библиография | Библиогр. ссылки |
| 520 | 00 | a | Аннотация | Проблемы взаимодействия экономики и политики в международных отношениях являются предметом исследования международной политической экономии - теоретического направления, возникшего относительно недавно, в 1970-е годы. Классическими исследованиями международной политической экономии являются работы одного из ведущих представителей неореализма Роберта Гилпина |
| 600 | a | Персоналии | Гилпин Роберт | |
| 650 | a | Основная рубрика | история политических учений | |
| a | Основная рубрика | история экономических учений | ||
| a | Основная рубрика | международные отношения | ||
| a | Основная рубрика | политика | ||
| a | Основная рубрика | политология | ||
| a | Основная рубрика | экономика | ||
| a | Основная рубрика | экономическая теория | ||
| 653 | 00 | a | Ключевые слова | "Природа политической экономии" |
| a | Ключевые слова | XX век | ||
| a | Ключевые слова | либерализм | ||
| a | Ключевые слова | марксизм | ||
| a | Ключевые слова | международная политическая экономия | ||
| a | Ключевые слова | меркантилизм | ||
| a | Ключевые слова | мировая экономическая система | ||
| a | Ключевые слова | неореализм | ||
| a | Ключевые слова | политическая экономия | ||
| a | Ключевые слова | США | ||
| a | Ключевые слова | теория международных отношений | ||
| a | Ключевые слова | экономические факторы политики | ||
| 773 | 00 | t | Заглавие источника | Вестник Московского университета. Серия 18, Социология и политология |
| d | Дата издания источника | 2000 | ||
| g | Прочая информация | № 3. - С. 50 - 64 | ||
| w | Контрольный № источника | RU/IS/BASE/144174158 | ||
| 901 | t | Тип документа | b |